[Event "Brno Duras op-B"]
[Site "Brno"]
[Date "2009.06.30"]
[Round "4"]
[White "Hons, Bohuslav"]
[Black "Sperkova, Kristyna"]
[Result "1-0"]
[WhiteElo "1615"]
[BlackElo "1250"]
[PlyCount "67"]
[EventDate "2009.06.27"]
[EventType "swiss"]
[EventRounds "9"]
[EventCountry "CZE"]
[SourceTitle "CBM 131 Extra"]
[Source "ChessBase"]
[SourceDate "2009.09.03"]
[SourceVersion "2"]
[SourceVersionDate "2009.09.16"]
[SourceQuality "1"]

1. g4 e5 2. Bg2 Nc6 3. c4 Bc5 4. d3 d6 5. h3 Nge7 6. Bg5 0-0 7. Nc3 Bb4 8. Qd2 f5 9. gxf5 Bxf5 10. Bxc6 bxc6 11. a3 Bc5 12. e3 Qe8 13. Na4 Bb6 14. Nxb6 cxb6 15. 0-0-0 Rb8 16. e4 Bg6 17. Be3 a6 18. Ne2 b5 19. c5 d5 20. Ng3 dxe4 21. dxe4 Rd8 22. Qa5 Rxd1+ 23. Rxd1 Qa8 24. Qc7 Qe8 25. Qxe5 Bf7 26. Rg1 Ng6 27. Qc3 Be6 28. Nh5 Qe7 29. h4 Rf7 30. Bg5 Qc7 31. f4 h6 32. Bxh6 gxh6 33. Rxg6+ Kf8 34. Rxe6 1-0

[Event "Brno Duras op-B"]
[Site "Brno"]
[Date "2009.06.28"]
[Round "2"]
[White "Hons, Bohuslav"]
[Black "Jires, Jiri"]
[Result "0-1"]
[WhiteElo "1615"]
[BlackElo "1671"]
[PlyCount "52"]
[EventDate "2009.06.27"]
[EventType "swiss"]
[EventRounds "9"]
[EventCountry "CZE"]
[SourceTitle "CBM 131 Extra"]
[Source "ChessBase"]
[SourceDate "2009.09.03"]
[SourceVersion "2"]
[SourceVersionDate "2009.09.16"]
[SourceQuality "1"]

1. g4 e5 2. Bg2 d5 3. c4 Be6 4. Qb3 b6 5. cxd5 Bxg4 6. d6 c6 7. Qc4 Qd7 8. h3 Be6 9. Qc2 Bxd6 10. Nc3 Nf6 11. Nf3 Nd5 12. Ng5 f5 13. Nxe6 Qxe6 14. Nxd5 cxd5 15. Qa4+ Ke7 16. Qh4+ Kf7 17. b3 Nd7 18. Bb2 Rac8 19. Qh5+ g6 20. Qh4 Nf6 21. Qa4 Rc7 22. 0-0 Qd7 23. Qh4 Rc2 24. Bc3 d4 25. Bxd4 exd4 26. Qxd4 Bh2+ 0-1